Manual do sistema de controle interno : (Record no. 1514)

MARC details
000 -LÍDER
Campo Fixo de Controle 00837nam a2200229 a 4500
001 - NÚMERO DE CONTROLE
Campo de Controle 1514
003 - IDENTIFICAÇÃO DO NÚMERO DE CONTROLE
Campo de Controle BR-CuiBMT
005 - DATA E HORA DA ÚLTIMA ATUALIZAÇÃO
Campo de Controle 20231215002903.0
008 - DADOS FIXOS
Dados Fixos 231213s2005 mtba f 000 0 por d
040 ## - AGÊNCIA CATALOGADORA
Código da Agência Catalogadora BR-CuiBMT
Agência que transcreveu o registro BR-CuiBMT
080 ## - Nº DA CLASSIFICAÇÃO DECIMAL UNIVERSAL
Nº Class. CDU 35.078.3
Subd. Auxiliar Comum (035)
Nº edição CDU 2007
090 ## - NÚMERO DE CHAMADA
Complemento TCE/MT
Nº classificação 35.078.3(035)
Cutter M433m
110 1# - ENTRADA PRINCIPAL -- ENTIDADE
Nome da entidade ou lugar Mato Grosso.
Unidade subordinada Tribunal de Contas.
245 10 - TÍTULO PRINCIPAL
Título principal Manual do sistema de controle interno :
Subtítulo versão preliminar /
Indicação de responsabilidade Tribunal de Contas do Estado de Mato Grosso.
260 ## - PUBLICAÇÃO, DISTRIBUIÇÃO, ETC.
Local de publicação Cuiabá :
Editora TCE-MT,
Data [200-?].
300 ## - DESCRIÇÃO FÍSICA
N. páginas ou volumes 89 p. :
Ilustrações il. ;
Dimensões 30 cm
610 1# - ASSUNTO -- ENTIDADE
Nome da Entidade ou lugar Mato Grosso.
Unidade subordinada Tribunal de Contas
Subdivisão geral Manuais, guias, etc.
650 ## - ASSUNTO TÓPICO
Cabeçalho tópico ou nome geográfico Tribunais de contas
Subdivisão geral Normas e procedimentos
650 ## - ASSUNTO TÓPICO
Cabeçalho tópico ou nome geográfico Sistema de controle interno
Subdivisão geral Manuais, guias, etc.
650 ## - ASSUNTO TÓPICO
Cabeçalho tópico ou nome geográfico Administração pública
Subdivisão geral Normas e procedimentos
942 ## - ELEMENTOS DE ENTRADA ADICIONAIS (KOHA)
Fonte de classificação ou esquema de arquivamento Classificação Decimal Universal
Tipo de item do Koha Livros
Holdings
Estado: removido Estado: perdido Fonte de classificação ou esquema de arquivamento Estado: danificado Indisponível para empréstimo Localização permanente Localização atual Data de aquisição Total Checkouts Número de Chamada completo Código de barras Date last seen Número do exemplar Preço efetivo a partir de Tipo de item (Koha)
    Classificação Decimal Universal     Biblioteca da Escola Superior de Contas do TCE/MT Biblioteca da Escola Superior de Contas do TCE/MT 13/12/2023   TCE/MT 35.078.3 M433m BIBTCEMT23120438 13/12/2023 Ex. 1 13/12/2023 Livros
    Classificação Decimal Universal     Biblioteca da Escola Superior de Contas do TCE/MT Biblioteca da Escola Superior de Contas do TCE/MT 14/12/2023   TCE/MT 35.078.3 M433m BIBTCEMT23120495 14/12/2023 Ex. 2 14/12/2023 Livros

Powered by Koha